[Event "Paris-ch"]
[Site "Paris"]
[Date "2025.07.14"]
[Round "4"]
[White "Dessyn, Thimothee"]
[Black "Hou, Yifan"]
[Result "0-1"]
[WhiteElo "2233"]
[BlackElo "2633"]
[PlyCount "94"]
[EventDate "2025.07.12"]
[EventType "swiss"]
[EventRounds "9"]
[EventCountry "FRA"]
[SourceTitle "CB30_2025"]
[SourceDate "2025.07.23"]
[SourceVersion "1"]
[SourceVersionDate "2025.07.23"]
[SourceQuality "1"]

1. d4 Nf6 2. c4 e6 3. g3 d5 4. Bg2 Be7 5. Nf3 0-0 6. Qc2 Nc6 7. a3 a5 8. 0-0 dxc4 9. Qxc4 a4 10. Nc3 Bd7 11. Qd3 Na5 12. Bg5 Nd5 13. Bxe7 Qxe7 14. e4 Nxc3 15. Qxc3 Bb5 16. Rfe1 c5 17. d5 Nb3 18. Rad1 Rfd8 19. h4 h6 20. Bh3 Ra6 21. Re3 Rad6 22. Nd2 Nxd2 23. Rxd2 b6 24. Bg2 Ba6 25. Qc2 Qd7 26. Rd1 Re8 27. Rde1 Bb7 28. dxe6 fxe6 29. e5 Rd2 30. Qc4 Bxg2 31. Kxg2 Rxb2 32. Rf3 Qc6 33. Qf4 Rb3 34. Ree3 Rxe3 35. fxe3 Qd7 36. g4 Rd8 37. g5 hxg5 38. hxg5 Qe8 39. Qh4 Qg6 40. e4 Qh7 41. Qf4 Qh5 42. Kg3 c4 43. Kg2 Rd3 44. Qf8+ Kh7 45. Rxd3 cxd3 46. Qd8 Qe2+ 47. Kg3 Qe3+ 0-1

[Event "Paris-ch"]
[Site "Paris"]
[Date "2025.07.14"]
[Round "5"]
[White "Meillon, Judicael"]
[Black "Dessyn, Thimothee"]
[Result "1-0"]
[WhiteElo "2293"]
[BlackElo "2233"]
[PlyCount "161"]
[EventDate "2025.07.12"]
[EventType "swiss"]
[EventRounds "9"]
[EventCountry "FRA"]
[SourceTitle "CB30_2025"]
[SourceDate "2025.07.23"]
[SourceVersion "1"]
[SourceVersionDate "2025.07.23"]
[SourceQuality "1"]

1. d4 Nf6 2. Nf3 d5 3. Bf4 e6 4. e3 c5 5. Nbd2 Bd6 6. Bxd6 Qxd6 7. dxc5 Qxc5 8. c4 0-0 9. a3 dxc4 10. Nxc4 Qe7 11. Qd6 Nc6 12. Be2 Qxd6 13. Nxd6 Rd8 14. Rd1 Ne8 15. Nxe8 Rxe8 16. Bb5 a6 17. Bxc6 bxc6 18. 0-0 c5 19. Rd2 Rb8 20. Rc1 Rb5 21. h3 Bb7 22. Rdc2 Bxf3 23. gxf3 g6 24. Rxc5 Rxb2 25. Rc8 Rb8 26. Rxe8+ Rxe8 27. Rc6 Ra8 28. a4 Kg7 29. f4 Kf6 30. a5 Ra7 31. Kg2 h6 32. Kf3 g5 33. Kg3 Rb7 34. fxg5+ hxg5 35. Rxa6 Rb5 36. Ra8 Kf5 37. a6 Ra5 38. f3 Ra3 39. a7 e5 40. e4+ Kf6 41. Kg4 Ra1 42. Kh5 Ra2 43. Rb8 Rxa7 44. Rb6+ Kg7 45. Kxg5 Ra1 46. Rb2 Rg1+ 47. Kf5 Rg3 48. Rb3 Rxh3 49. Kxe5 Rh6 50. Rb1 Ra6 51. Rg1+ Kf8 52. Kf5 Ke7 53. e5 Ra3 54. f4 Ra6 55. Rb1 Rg6 56. Rb8 Kd7 57. Ke4 Ra6 58. Kf5 Rg6 59. Rb4 Ke7 60. Ra4 Kd7 61. Ke4 Rb6 62. f5 Rb7 63. Kf4 Rb5 64. Kg5 Rxe5 65. Kf6 Rb5 66. Ra7+ Ke8 67. Ra8+ Kd7 68. Rf8 Rb6+ 69. Kxf7 Rb5 70. f6 Rb1 71. Ra8 Rg1 72. Ra2 Rf1 73. Rd2+ Kc7 74. Ke7 Re1+ 75. Kf8 Rf1 76. f7 Rg1 77. Rd4 Rg2 78. Ke7 Re2+ 79. Kf6 Rf2+ 80. Ke6 Rf1 81. Rd5 1-0

[Event "Paris-ch IdF"]
[Site "Villemomble"]
[Date "2024.07.08"]
[Round "2"]
[White "Dessyn, Thimothee"]
[Black "Aarav, Dengla"]
[Result "1/2-1/2"]
[WhiteElo "2182"]
[BlackElo "2381"]
[PlyCount "80"]
[EventDate "2024.07.07"]
[EventType "swiss"]
[EventRounds "9"]
[EventCountry "FRA"]
[SourceTitle "EXT 2025"]
[Source "ChessBase"]
[SourceDate "2024.10.14"]
[SourceVersion "1"]
[SourceVersionDate "2024.10.14"]
[SourceQuality "1"]

1. Nf3 d5 2. g3 g6 3. d4 Bg7 4. c4 e6 5. Bg2 Ne7 6. 0-0 0-0 7. Qc2 Nbc6 8. Rd1 Nf5 9. e3 Qe7 10. b3 a5 11. Bb2 Rd8 12. Nc3 Nd6 13. Qe2 Nf5 14. Nd2 dxc4 15. Nxc4 Nb4 16. Rac1 Nd5 17. Nb1 Nd6 18. Ba3 Nf6 19. e4 Qe8 20. e5 Nxc4 21. bxc4 Nd7 22. Nc3 Nb8 23. Ne4 h6 24. Nf6+ Bxf6 25. exf6 Nc6 26. Qe3 Kh7 27. h4 e5 28. d5 Nb4 29. Re1 Bf5 30. Re2 Qa4 31. Bxb4 axb4 32. Qxe5 Rd7 33. h5 Qa3 34. hxg6+ Bxg6 35. Qf4 Ra6 36. Be4 Rxf6 37. Qxf6 Qxc1+ 38. Kg2 Qxc4 39. Bxg6+ fxg6 40. Re7+ Rxe7 1/2-1/2